000 00587nam a22002297a 4500
003 UA-OsUOA
001 80425
007 ta
008 20111208b un ||||| |||| 00| 0 ukr d
100 _aГаврилюк О.
090 _a821.161.2
_bГ12
942 _cBK
040 _aUA-OsUOA
_bukr
_cUA-OsUOA
_dUA-OsUOA
245 _aВибрані твори
300 _a158 с.
955 _a3
041 _aukr
080 _a821.161.2
260 _aЛьвів
_bКаменяр
_c1976
650 7 _a82 Література. Літературознавство
_2UDC
999 _c366741
_d366741